ICT market in Egypt : 2008.

Bibliographic Details
Corporate Author: Malaysia External Trade Development Corporation (MATRADE)
Format: Book
Published: Cairo: MATRADE Cairo, 2008.
Series:Product market study : 2008
Subjects:
LEADER 00525cam a2200157 7i4500
001 0000024381
005 20100406090000.0
090 0 0 |a P 004   |b MAL 
110 2 0 |a Malaysia External Trade Development Corporation (MATRADE) 
245 2 0 |a ICT market in Egypt :   |b 2008. 
260 0 0 |a Cairo:   |b MATRADE Cairo,   |c 2008. 
300 # # |a [v.p]. 
440 0 0 |a Product market study : 2008 
650 0 0 |a Information and communication technology (ICT) --   |x Markets --   |z Egypt  
651 0 0 |a Egypt  
999 |a 0000022551  |b Book  |c Products  |e Business Information Centre